Optimálne riadenie elektrizačného systému : Výskumná správa o čiastkovej úlohe štátneho plánu základného výskumu III-1-2/6

Saved in:
Bibliographic Details
Main Authors: Veselý, Vojtech, 1940- (Author), Václavík, Ivan (Author), Harsányi, Ladislav, 1936- (Author), Mudrončík, Dušan (Author), Huorka, Pavol (Author)
Other Authors: Bízik, Juraj (Research team head)
Format: Book
Published: Bratislava : SVŠT v Bratislave EF, 1978
Tags: Add Tag
No Tags, Be the first to tag this record!

MARC

LEADER 00000nam a22000003a 4500
001 stu235324
005 20190520110942.9
008 111003s1978----------------------------d
040 |a STU  |b slo 
041 0
100 1 |a Bízik, Juraj  |4 rth 
245 1 |a Optimálne riadenie elektrizačného systému :  |b Výskumná správa o čiastkovej úlohe štátneho plánu základného výskumu III-1-2/6 
260 |a Bratislava :  |b SVŠT v Bratislave EF,  |c 1978 
300 |a 192 s 
700 1 |a Veselý, Vojtech,  |d 1940-  |4 aut  |u E011  |U FEI Fakulta elektrotechniky a informatiky  |T FEI Ústav robotiky a kybernetiky  |X 4973  |U E011  |Y 356  |7 A000004973 
700 1 |a Václavík, Ivan  |4 aut 
700 1 |a Harsányi, Ladislav,  |d 1936-  |4 aut  |u E  |T FEI Fakulta elektrotechniky a informatiky  |X 2128  |U E  |Y 30  |7 A000002128 
700 1 |a Mudrončík, Dušan  |4 aut  |u E260  |U FEI Fakulta elektrotechniky a informatiky  |T FEI Katedra automatizovaných systémov riadenia  |X 505  |U E260  |Y 595  |7 A000000505 
700 1 |a Huorka, Pavol  |4 aut 
996 |b EVYSK-S-255  |c E*VYSK-S-255  |l E  |s P  |a 0  |w stu235324_0001